Countries, U.S. States, and Capitals on the World Map - Statistics

General Stats
  • This quiz has been taken 135,515 times
    91,889 since last reset
  • The average score is 360 of 496
Answers on the Map
Answers color-coded by a green-red scale on the quiz's map according to % correct below.
 
Answer Stats
Type Answer % Correct
Country Canada
94%
Country Mexico
93%
World Capital Mexico City
93%
US State | World Capital Washington
93%
US State Alaska
92%
US State California
92%
Country India
92%
US State Texas
92%
Country Brazil
91%
US State Florida
91%
US State New York
91%
Country Russia
91%
Country China
90%
Country France
90%
Country | US State Georgia
90%
Country Iceland
90%
Country United Kingdom
90%
Country Argentina
89%
Country Australia
89%
Country Chile
89%
Country Colombia
89%
US State Capital Columbia
89%
Country Cuba
89%
Country Denmark
89%
Country Finland
89%
Country Germany
89%
Country Ireland
89%
Country Italy
89%
US State Nevada
89%
US State New Mexico
89%
US State North Dakota
89%
Country Norway
89%
Country Portugal
89%
Country Spain
89%
Country Sweden
89%
US State Arizona
88%
Country Egypt
88%
Country Japan
88%
World Capital London
88%
Country North Korea
88%
Country Peru
88%
Country Poland
88%
World Capital Rome
88%
US State South Dakota
88%
Country South Korea
88%
Country Turkey
88%
Country Ukraine
88%
Country Uruguay
88%
Country Venezuela
88%
US State Alabama
87%
Country Bolivia
87%
Country Central African Republic
87%
Country Greece
87%
US State Idaho
87%
Country Iran
87%
US State Maine
87%
Country Mongolia
87%
World Capital Moscow
87%
Country New Zealand
87%
US State North Carolina
87%
US State Ohio
87%
US State Oregon
87%
Country Panama
87%
World Capital Panama City
87%
Country Paraguay
87%
World Capital Paris
87%
Country South Africa
87%
US State South Carolina
87%
Country Algeria
86%
US State Arkansas
86%
Country Austria
86%
Country Bahamas
86%
US State Colorado
86%
World Capital Dublin
86%
Country Ecuador
86%
Country Estonia
86%
Country Indonesia
86%
Country Iraq
86%
US State Kansas
86%
Country Kazakhstan
86%
Country Madagascar
86%
World Capital Madrid
86%
US State Michigan
86%
US State Mississippi
86%
US State Montana
86%
Country Morocco
86%
Country Netherlands
86%
Country Pakistan
86%
Country Saudi Arabia
86%
Country Thailand
86%
World Capital Tokyo
86%
US State Utah
86%
Country | World Capital Vatican City
86%
Country Vietnam
86%
US State Virginia
86%
Country Yemen
86%
Country Afghanistan
85%
Country Andorra
85%
Country Belarus
85%
World Capital Berlin
85%
Country Czech Republic
85%
Country Dominican Republic
85%
Country D. R Congo
85%
Country Guyana
85%
Country Honduras
85%
Country Hungary
85%
US State Illinois
85%
US State Kentucky
85%
Country Latvia
85%
Country Libya
85%
Country Lithuania
85%
US State Louisiana
85%
Country | World Capital Luxembourg
85%
Country Nepal
85%
Country Niger
85%
Country Nigeria
85%
US State Oklahoma
85%
Country Oman
85%
Country Philippines
85%
Country Romania
85%
Country Slovakia
85%
Country Sudan
85%
Country Suriname
85%
US State Tennessee
85%
US State West Virginia
85%
US State Wyoming
85%
Country Belgium
84%
Country Bulgaria
84%
Country Cambodia
84%
Country Chad
84%
Country Croatia
84%
Country Papua New Guinea
84%
Country Ethiopia
84%
Country Guatemala
84%
World Capital Guatemala City
84%
Country Haiti
84%
US State Indiana
84%
Country Israel
84%
Country Jordan
84%
Country Laos
84%
World Capital Lisbon
84%
Country Malaysia
84%
Country | World Capital Monaco
84%
Country Nicaragua
84%
World Capital Oslo
84%
US State Pennsylvania
84%
Country Rep. of the Congo
84%
Country Somalia
84%
Country South Sudan
84%
Country Switzerland
84%
Country Syria
84%
World Capital Tunis
84%
Country Tunisia
84%
Country United Arab Emirates
84%
Country Uzbekistan
84%
Country Albania
83%
World Capital Athens
83%
World Capital Beijing
83%
Country Costa Rica
83%
US State Hawaii
83%
US State Iowa
83%
Country Kenya
83%
Country Mali
83%
US State Minnesota
83%
US State Missouri
83%
Country Myanmar
83%
US State Nebraska
83%
US State New Jersey
83%
Country | World Capital San Marino
83%
World Capital Seoul
83%
Country Serbia
83%
Country Slovenia
83%
Country Sri Lanka
83%
Country Taiwan
83%
Country Turkmenistan
83%
US State Wisconsin
83%
Country Zimbabwe
83%
World Capital Amsterdam
82%
Country Angola
82%
Country Azerbaijan
82%
Country Belize
82%
Country Bosnia and Herzegovina
82%
World Capital Brasilia
82%
Country Ghana
82%
Country Guinea
82%
World Capital Kyiv
82%
Country Kyrgyzstan
82%
US State New Hampshire
82%
World Capital Ottawa
82%
Country Tajikistan
82%
Country Zambia
82%
Country Armenia
81%
Country Bangladesh
81%
Country Botswana
81%
World Capital Brussels
81%
World Capital Cairo
81%
Country El Salvador
81%
Country Fiji
81%
Country Ivory Coast
81%
Country Jamaica
81%
Country Liechtenstein
81%
Country Maldives
81%
Country Mauritania
81%
Country Mozambique
81%
Country Namibia
81%
World Capital New Delhi
81%
Country Qatar
81%
Country Senegal
81%
Country | World Capital Singapore
81%
World Capital Stockholm
81%
Country Tanzania
81%
Country Togo
81%
Country Uganda
81%
US State Vermont
81%
World Capital Warsaw
81%
Country Benin
80%
Country Cameroon
80%
World Capital Copenhagen
80%
Country Cyprus
80%
Country Dominica
80%
Country Eritrea
80%
World Capital Helsinki
80%
Country Kuwait
80%
World Capital Kuwait City
80%
Country Malta
80%
US State Maryland
80%
Country Moldova
80%
World Capital Reykjavik
80%
US State Rhode Island
80%
Country Bhutan
79%
World Capital Buenos Aires
79%
World Capital Canberra
79%
Country Cape Verde
79%
Country | World Capital Djibouti
79%
Country F. S. Micronesia
79%
World Capital Havana
79%
Country Liberia
79%
Country Montenegro
79%
Country United States
79%
World Capital Vienna
79%
World Capital Bern
78%
World Capital Budapest
78%
Country Burkina Faso
78%
US State Connecticut
78%
Country Equatorial Guinea
78%
Country Gabon
78%
Country Guinea-Bissau
78%
Country Kiribati
78%
Country Kosovo
78%
Country Lebanon
78%
World Capital Lima
78%
Country Malawi
78%
Country Marshall Islands
78%
US State Massachusetts
78%
Country North Macedonia
78%
Country Rwanda
78%
Country Saint Kitts and Nevis
78%
Country Saint Lucia
78%
Country Solomon Islands
78%
US State Delaware
77%
Country Gambia
77%
Country Palau
77%
World Capital Prague
77%
Country Seychelles
77%
Country Sierra Leone
77%
Country Tonga
77%
Country Trinidad and Tobago
77%
Country Tuvalu
77%
Country Vanuatu
77%
World Capital Ankara
76%
Country Bahrain
76%
World Capital Bangkok
76%
Country Saint Vincent and the Grenadines
76%
World Capital Jerusalem
76%
Country Nauru
76%
World Capital Santiago
76%
Country Barbados
75%
World Capital Bucharest
75%
Country São Tomé and Príncipe
75%
World Capital Jakarta
75%
Country Mauritius
75%
World Capital Pyongyang
75%
Country Samoa
75%
World Capital Sao Tome
75%
World Capital Sofia
75%
US State Capital Austin
74%
World Capital Bogota
74%
Country Brunei
74%
Country Burundi
74%
World Capital Cape Town
74%
Country Lesotho
74%
World Capital Manila
74%
World Capital Wellington
74%
Country Antigua and Barbuda
73%
Country Comoros
73%
Country East Timor
73%
World Capital Minsk
73%
US State Capital Sacramento
73%
World Capital Algiers
72%
World Capital Baghdad
72%
Country Swaziland
72%
World Capital Tehran
72%
World Capital Abu Dhabi
71%
Country Grenada
71%
World Capital Hanoi
71%
World Capital Riga
71%
World Capital Taipei
71%
World Capital Zagreb
71%
World Capital Andorra la Vella
70%
World Capital Caracas
70%
World Capital Kingston
70%
World Capital Kingstown
70%
World Capital Montevideo
70%
World Capital Tallinn
70%
US State Capital Honolulu
69%
US State Capital Phoenix
69%
World Capital Belgrade
68%
US State Capital Boston
68%
World Capital Islamabad
68%
World Capital Kabul
68%
World Capital La Paz
68%
World Capital Quito
68%
World Capital Riyadh
68%
World Capital Sarajevo
68%
World Capital Ulaanbaatar
68%
US State Capital Atlanta
67%
World Capital Bratislava
67%
World Capital Damascus
67%
US State Capital Denver
67%
World Capital Kuala Lumpur
67%
World Capital Nairobi
67%
World Capital Vilnius
67%
World Capital Beirut
66%
World Capital Rabat
66%
US State Capital Salt Lake City
66%
World Capital San Salvador
66%
World Capital Tirana
66%
World Capital Doha
65%
World Capital Kathmandu
65%
World Capital Ljubljana
65%
World Capital Port-au-Prince
65%
World Capital Valletta
65%
US State Capital Albany
64%
World Capital Dhaka
64%
World Capital Nassau
64%
World Capital Tripoli
64%
World Capital Vaduz
64%
World Capital Addis Ababa
63%
World Capital Baku
63%
US State Capital Indianapolis
63%
US State Capital Tallahassee
63%
World Capital Asuncion
62%
World Capital Chisinau
62%
US State Capital Juneau
62%
World Capital Nicosia
62%
US State Capital Oklahoma City
62%
World Capital Pretoria
62%
World Capital Skopje
62%
World Capital Amman
61%
World Capital Astana
61%
World Capital Georgetown
61%
US State Capital Nashville
61%
World Capital San Jose
61%
World Capital Tbilisi
61%
World Capital Dakar
60%
US State Capital Jackson
60%
World Capital Pristina
60%
World Capital Sana'a
60%
World Capital Santo Domingo
60%
World Capital Sucre
60%
US State Capital Baton Rouge
59%
US State Capital Boise
59%
US State Capital Columbus
59%
World Capital Phnom Penh
59%
World Capital Kinshasa
58%
World Capital Muscat
58%
World Capital Podgorica
58%
World Capital Male
57%
World Capital Abuja
56%
World Capital Accra
56%
World Capital Khartoum
56%
US State Capital Little Rock
56%
World Capital Mogadishu
56%
US State Capital Olympia
56%
US State Capital Santa Fe
56%
US State Capital Springfield
56%
World Capital Yerevan
56%
World Capital Freetown
55%
US State Capital Raleigh
55%
US State Capital Salem
55%
World Capital Tashkent
55%
World Capital Antananarivo
54%
World Capital Brazzaville
54%
US State Capital Carson City
54%
US State Capital Des Moines
54%
World Capital Dili
54%
World Capital Luanda
54%
World Capital Managua
54%
World Capital Port Moresby
54%
US State Capital Saint Paul
54%
World Capital Vientiane
54%
US State Capital Lincoln
53%
World Capital Paramaribo
53%
World Capital Port-of-Spain
53%
US State Capital Providence
53%
US State Capital Richmond
53%
World Capital Windhoek
53%
World Capital Belmopan
52%
US State Capital Bismarck
52%
World Capital Bissau
52%
US State Capital Cheyenne
52%
US State Capital Helena
52%
US State Capital Madison
52%
US State Capital Montgomery
52%
World Capital Tegucigalpa
52%
World Capital Ashgabat
51%
US State Capital Augusta
51%
World Capital Bishkek
51%
US State Capital Charleston
51%
World Capital Manama
51%
World Capital Victoria
51%
World Capital Bloemfontein
50%
World Capital Harare
50%
US State Capital Hartford
50%
World Capital Juba
50%
World Capital Kampala
50%
US State Capital Lansing
50%
World Capital Monrovia
50%
World Capital Thimphu
50%
US State Capital Topeka
50%
US State Capital Annapolis
49%
US State Capital Dover
49%
US State Capital Frankfort
49%
US State Capital Harrisburg
49%
US State Capital Pierre
49%
World Capital Sri Jayawardenepura Kotte
49%
US State Capital Trenton
49%
World Capital Dushanbe
48%
US State Capital Jefferson City
48%
World Capital Libreville
48%
US State Capital Montpelier
48%
World Capital Ouagadougou
48%
World Capital Bandar Seri Begawan
47%
World Capital Bridgetown
47%
World Capital Kigali
47%
World Capital Lusaka
47%
World Capital Naypyidaw
47%
World Capital Suva
47%
World Capital Yaounde
47%
World Capital Bamako
46%
US State Capital Concord
46%
World Capital Dodoma
46%
World Capital Lome
46%
World Capital Maputo
46%
World Capital N'Djamena
46%
World Capital Niamey
46%
World Capital Saint John's
46%
World Capital Asmara
45%
World Capital Conakry
45%
World Capital Gaborone
45%
World Capital Port Louis
45%
World Capital Saint George's
45%
World Capital Apia
44%
World Capital Praia
44%
World Capital Bangui
43%
World Capital Lilongwe
43%
World Capital Porto-Novo
43%
World Capital Roseau
43%
World Capital Banjul
42%
World Capital Castries
42%
World Capital Nouakchott
42%
World Capital Yamoussoukro
42%
World Capital Basseterre
41%
World Capital Ciudad de la Paz
41%
World Capital Mbabane
41%
World Capital Port-Vila
41%
World Capital Funafuti
40%
World Capital Maseru
40%
World Capital Moroni
40%
World Capital Gitega
39%
World Capital Honiara
39%
World Capital South Tarawa
38%
World Capital Yaren
38%
World Capital Majuro
37%
World Capital Ngerulmud
37%
World Capital Nukuʻalofa
37%
World Capital Palikir
37%
World Capital Cotonou
27%
No matching quizzes found
Score Distribution
Percent of People with Each Score
Percentile by Number Answered
Your Score History
You have not taken this quiz since the last reset